Solutions Manual to accompany Principles of Corporate Finance : (Record no. 595218)

MARC details
000 -LEADER
fixed length control field 00520nam a2200181 a 4500
008 - FIXED-LENGTH DATA ELEMENTS--GENERAL INFORMATION
fixed length control field 251102s2010##################000#0#eng##
020 ## - INTERNATIONAL STANDARD BOOK NUMBER
ISBN 9780077316457
082 04 - DEWEY DECIMAL CLASSIFICATION NUMBER
Classification number 658.15
Item number BRE
100 1# - MAIN ENTRY--AUTHOR NAME
Personal name Brealey, Richard,
245 10 - TITLE STATEMENT
Title Solutions Manual to accompany Principles of Corporate Finance :
260 ## - PUBLICATION, DISTRIBUTION, ETC. (IMPRINT)
Name of publisher McGraw-Hill/Irwin,
Year of publication 2010.
650 #0 - SUBJECT ADDED ENTRY--TOPICAL TERM
Topical Term Business & Economics.
942 ## - ADDED ENTRY ELEMENTS (KOHA)
Koha item type English Books
Holdings
Withdrawn status Lost status Damaged status Not for loan Home library Current library Shelving location Date acquired Full call number Accession Number Price effective from Koha item type
        Anna Centenary Library Anna Centenary Library 6TH FLOOR, A WING 02.11.2025 658.15 BRE 404310 02.11.2025 English Books

Find us on the map